A NOBLE HERITAGE: (Record no. 169197)

MARC details
000 -LEADER
fixed length control field 00876nam a22002297a 4500
003 - CONTROL NUMBER IDENTIFIER
control field dpl
005 - DATE AND TIME OF LATEST TRANSACTION
control field 20191107160919.0
008 - FIXED-LENGTH DATA ELEMENTS--GENERAL INFORMATION
fixed length control field 191107b ||||| |||| 00| 0 eng d
010 ## - LIBRARY OF CONGRESS CONTROL NUMBER
LC control number b-130405
035 ## - SYSTEM CONTROL NUMBER
System control number B-130405
040 ## - CATALOGING SOURCE
Transcribing agency 0
100 ## - MAIN ENTRY--PERSONAL NAME
Personal name Jhaverchand, Meghani
Dates associated with a name 2003
245 ## - TITLE STATEMENT
Title A NOBLE HERITAGE:
Remainder of title A Collection of short stories on the folklore of Saurashtra/
Statement of responsibility, etc Meghani Jhaverchand, edited by S. Ramakrishnan
Medium english
250 ## - EDITION STATEMENT
Edition statement first edition : 2003
260 ## - PUBLICATION, DISTRIBUTION, ETC. (IMPRINT)
Place of publication, distribution, etc mumbai 400 007
Name of publisher, distributor, etc S. Ramakrishnan , executive secretary bharatiya vidya bhavan ,kulapati munshi marg
Date of publication, distribution, etc 2003
300 ## - PHYSICAL DESCRIPTION
Extent 114p.
Other physical details ill.
Dimensions 15cms
500 ## - GENERAL NOTE
General note IIILUSTRATION AND DECORATIVE SKETCHES: Pratapsinh jadeja jagdeep smart
501 ## - WITH NOTE
With note cover sketch: pratapsinh jadeja<br/>cover design: jagdeep smart
518 ## - DATE/TIME AND PLACE OF AN EVENT NOTE
Date/time and place of an event note 2003
700 ## - ADDED ENTRY--PERSONAL NAME
Personal name S. Ramakrishnan
942 ## - ADDED ENTRY ELEMENTS (KOHA)
Source of classification or shelving scheme Dewey Decimal Classification
Koha item type English Books
Classification part S
Item part MEG
Call number prefix S
Call number suffix MEG

No items available.


© Delhi Public Library
Hit Counter
free hit counter